000 00753nam a2200253Ia 4500
001 948
003 GE_BSU
008 181216s||||||||xx |||||||||||||| ||und||
020 _a5961402479
040 _cGE_BSU
080 _a655.011(075.8)
245 _aКурс МВА по стратегическому менеджменту
245 _bПер. с англ.
245 _cред. Лайм Фаай, Роберт Рэнделл
250 _a2-е изд-е
260 _aМосква
260 _bАльпина Бизнес Букс
260 _c2005
300 _a597стр.
541 _h25л.
653 _aКурс МВА по стратегическому менеджменту
653 _aМенеджмент
942 _cBK
999 _c35107
_d35107